MARC-detaljer
| 000 -LEADER |
| fixed length control field |
04413cim a22009497a 4500 |
| 001 - CONTROL NUMBER |
| control field |
15122399 |
| 003 - CONTROL NUMBER IDENTIFIER |
| control field |
LIBRIS |
| 005 - DATE AND TIME OF LATEST TRANSACTION |
| control field |
20210915132843.0 |
| 007 - PHYSICAL DESCRIPTION FIXED FIELD--GENERAL INFORMATION |
| fixed length control field |
sd |||||||m||| |
| 008 - FIXED-LENGTH DATA ELEMENTS--GENERAL INFORMATION |
| fixed length control field |
140129s2014 sw | ||||||||||f | swe|c |
| 020 ## - INTERNATIONAL STANDARD BOOK NUMBER |
| International Standard Book Number |
9789113049977 |
| Qualifying information |
MP3 CD |
| 035 ## - SYSTEM CONTROL NUMBER |
| System control number |
(BOKR)9789113049977 |
| 040 ## - CATALOGING SOURCE |
| Original cataloging agency |
BOKR |
| Modifying agency |
Tkb |
| Description conventions |
a |
| 041 ## - LANGUAGE CODE |
| Language code of text/sound track or separate title |
swe |
| 082 04 - DEWEY DECIMAL CLASSIFICATION NUMBER |
| Classification number |
839.73 |
| Edition number |
22 (machine generated) |
| 084 ## - OTHER CLASSIFICATION NUMBER |
| Classification number |
Hc.01/LC |
| Number source |
kssb/8 |
| 100 1# - MAIN ENTRY--PERSONAL NAME |
| Personal name |
Gerhardsen, Carin, |
| Dates associated with a name |
1962- |
| Authority record control number or standard number |
https://libris.kb.se/jgvz3dl2096m7jc#it |
| 245 10 - TITLE STATEMENT |
| Title |
Tjockare än vatten |
| Medium |
[Ljudupptagning] / |
| Statement of responsibility, etc. |
Carin Gerhardsen. |
| 264 #1 - PRODUCTION, PUBLICATION, DISTRIBUTION, MANUFACTURE, AND COPYRIGHT NOTICE |
| Place of production, publication, distribution, manufacture |
Stockholm : |
| Name of producer, publisher, distributor, manufacturer |
Norstedts, |
| Date of production, publication, distribution, manufacture, or copyright notice |
2014 |
| 300 ## - PHYSICAL DESCRIPTION |
| Extent |
1 MP3-CD (ca 13 tim., 30 min.) |
| Other physical details |
stereo |
| 490 0# - SERIES STATEMENT |
| Series statement |
Hammarbyserien ; |
| Volume/sequential designation |
7 |
| 500 ## - GENERAL NOTE |
| General note |
Ljudbok CD (mp3) |
| 511 0# - PARTICIPANT OR PERFORMER NOTE |
| Participant or performer note |
Inläsare: Stefan Sauk |
| 655 #7 - INDEX TERM--GENRE/FORM |
| Genre/form data or focus term |
Ljudböcker |
| Authority record control number or standard number |
https://id.kb.se/term/saogf/Ljudb%C3%B6cker |
| Source of term |
saogf |
| 655 #4 - INDEX TERM--GENRE/FORM |
| Genre/form data or focus term |
Deckare, thrillers och spänning |
| 700 1# - ADDED ENTRY--PERSONAL NAME |
| Personal name |
Sauk, Stefan |
| Relationship |
nrt |
| 887 ## - NON-MARC INFORMATION FIELD |
| Content of non-MARC field |
{"@id":"m5z491lz2pwgjfs","modified":"2016-04-02T08:54:21+02:00","checksum":"64609023095"} |
| Source of data |
librisxl |
| 887 ## - NON-MARC INFORMATION FIELD |
| Content of non-MARC field |
{"@id":"fkspgtgl48nj1rc","modified":"2016-01-25T12:20:01+01:00","checksum":"37805923565"} |
| Source of data |
librisxl |
| 887 ## - NON-MARC INFORMATION FIELD |
| Content of non-MARC field |
{"@id":"chpbh97j0ls6lrv","modified":"2014-07-09T12:39:27+02:00","checksum":"32545678558"} |
| Source of data |
librisxl |
| 887 ## - NON-MARC INFORMATION FIELD |
| Content of non-MARC field |
{"@id":"chpcxzqj38wmghf","modified":"2014-05-23T09:50:18+02:00","checksum":"43196707914"} |
| Source of data |
librisxl |
| 887 ## - NON-MARC INFORMATION FIELD |
| Content of non-MARC field |
{"@id":"djqdvvwk32w83r5","modified":"2014-05-12T15:46:32+02:00","checksum":"40440937889"} |
| Source of data |
librisxl |
| 887 ## - NON-MARC INFORMATION FIELD |
| Content of non-MARC field |
{"@id":"djqd7cpk090z4z8","modified":"2014-06-17T13:14:46+02:00","checksum":"35137390703"} |
| Source of data |
librisxl |
| 887 ## - NON-MARC INFORMATION FIELD |
| Content of non-MARC field |
{"@id":"tz5sgnj015mk8rj","modified":"2014-06-05T18:22:00+02:00","checksum":"38799236737"} |
| Source of data |
librisxl |
| 887 ## - NON-MARC INFORMATION FIELD |
| Content of non-MARC field |
{"@id":"48h9vdm901572wk","modified":"2015-10-19T20:22:19+02:00","checksum":"37079037175"} |
| Source of data |
librisxl |
| 887 ## - NON-MARC INFORMATION FIELD |
| Content of non-MARC field |
{"@id":"z39wtg74496886h","modified":"2014-06-25T18:56:15+02:00","checksum":"37757751867"} |
| Source of data |
librisxl |
| 887 ## - NON-MARC INFORMATION FIELD |
| Content of non-MARC field |
{"@id":"8dl8rb2f3kbbgrw","modified":"2014-05-23T08:13:12+02:00","checksum":"38359776333"} |
| Source of data |
librisxl |
| 887 ## - NON-MARC INFORMATION FIELD |
| Content of non-MARC field |
{"@id":"sx5dc1wz1kl23mh","modified":"2017-04-27T08:11:38+02:00","checksum":"33032452020"} |
| Source of data |
librisxl |
| 887 ## - NON-MARC INFORMATION FIELD |
| Content of non-MARC field |
{"@id":"26d687h75hff5d7","modified":"2015-02-09T14:58:47+01:00","checksum":"28200749381"} |
| Source of data |
librisxl |
| 887 ## - NON-MARC INFORMATION FIELD |
| Content of non-MARC field |
{"@id":"glsgx9hm3g47sjf","modified":"2014-06-04T18:19:25+02:00","checksum":"36540447273"} |
| Source of data |
librisxl |
| 887 ## - NON-MARC INFORMATION FIELD |
| Content of non-MARC field |
{"@id":"8dl819zf00f61gb","modified":"2014-06-25T14:42:25+02:00","checksum":"43227550868"} |
| Source of data |
librisxl |
| 887 ## - NON-MARC INFORMATION FIELD |
| Content of non-MARC field |
{"@id":"sx4s8lsz49kxmvw","modified":"2014-06-04T18:20:04+02:00","checksum":"37300438234"} |
| Source of data |
librisxl |
| 900 1s - EQUIVALENCE OR CROSS-REFERENCE-PERSONAL NAME [LOCAL, CANADA] |
| Linkage |
100 |
| Dates associated with a name |
1962- |
| Affiliation |
Gerhardsen, Carin, |
| Dates associated with a name |
1962- |
| 900 1s - EQUIVALENCE OR CROSS-REFERENCE-PERSONAL NAME [LOCAL, CANADA] |
| Linkage |
100 |
| Dates associated with a name |
1962- |
| Affiliation |
Gerhardsen, Carin, |
| Dates associated with a name |
1962- |
| 900 1s - EQUIVALENCE OR CROSS-REFERENCE-PERSONAL NAME [LOCAL, CANADA] |
| Linkage |
100 |
| Dates associated with a name |
1962- |
| Affiliation |
Gerhardsen, Carin, |
| Dates associated with a name |
1962- |
| 900 1s - EQUIVALENCE OR CROSS-REFERENCE-PERSONAL NAME [LOCAL, CANADA] |
| Linkage |
100 |
| Dates associated with a name |
1962- |
| Affiliation |
Gerhardsen, Carin, |
| Dates associated with a name |
1962- |
| 942 ## - ADDED ENTRY ELEMENTS (KOHA) |
| Source of classification or shelving scheme |
Other/Generic Classification Scheme |
| Koha item type |
Ljudbok |